Guía práctica para docentes de enseñanza básica : (Registro nro. 8290)

Detalles MARC
000 -LIDER
fixed length control field 01094nam a2200325 a 4500
001 - NÚMERO DE CONTROL
Identificador de número de control 000016608
003 - IDENTIFICACDOR DE NÚMERO DE CONTROL
control field DO-SdBNP
005 - DATE AND TIME OF LATEST TRANSACTION
control field 20171113111435.0
007 - CAMPOS FIJOS DE DESCRIPCIÓN FÍSICA
fixed length control field 000016608
008 - ELEMENTOS DE LONGITUD FIJA
fixed length control field 100308s2005 sp a 000 0 spa d
020 ## - ISBN
International Standard Book Number 9568090657
040 ## - FUENTE DE CATALOGACIÓN
Agencia que crea de manera original el registro BPMSU
Idioma de catalogación spa
Agencia que realiza la transcripción BPMSU
082 #4 - NÚMERO DE CLASIFICACIÓN DECIMAL DE DEWEY
Classification number 796.077
Item number V145g
100 ## - ASIENTO PRINCIPAL -- NOMBRE PERSONAL
Término de relación Valdés Opazo, Enzo.
245 10 - MENCIÓN DE TITULO
Título Guía práctica para docentes de enseñanza básica :
Subtítulo educación física /
Mención de responsabilidad Enzo Valdés Opazo ; ilustraciones Gonzalo Díaz Vásquez.
246 ## - VARIACION DEL TÍTULO
Título propiamente dicho o título corto Educación física
260 ## - PUBLICACIÓN, DISTRIBUCIÓN, ETC. (PIE DE IMPRENTA)
Lugar de publicación, distribución, etc Barcelona :
Nombre del editor, distribuidor, etc. Bibliográfica Internacional,
Fecha de publicación, distribución, etc 2005
300 ## - DESCRIPCIÓN FÍSICA
Extensión 580 p. :
Otros detalles físicos il. ;
Dimensiones 29 cm.
650 ## - ENCABEZAMIENTO DE MATERIA--TEMÁTICO
Término temático o nombre geográfico como elemento de entrada EDUCACIÓN FÍSICA
Subdivisión de forma GUÍAS
650 ## - ENCABEZAMIENTO DE MATERIA--TEMÁTICO
Término temático o nombre geográfico como elemento de entrada EDUCACIÓN FÍSICA
Subdivisión de forma MANUALES
650 ## - ENCABEZAMIENTO DE MATERIA--TEMÁTICO
Fuente del encabezamiento o término JUEGOS EDUCATIVOS
700 ## - ASIENTO SECUNDARIO -- NOMBRE PERSONAL
Término de relación Díaz Vásquez, Gonzalo,
Mención de responsabilidad il.
740 ## - ASIENTO SECUNDARIO DE TÍTULOS RELACIONADOS O ANALÍTICOS NO CONTROLADOS
Título analítico o relacionado no controlado Educación física
910 ## - VALIDACIÓN
Validación Validado. Control de calidad MFF
930 #1 - EQUIVALENCE OR CROSS-REFERENCE-UNIFORM TITLE HEADING [LOCAL, CANADA]
Language of a work BND01
Medium of performance for music LF1
Field link and sequence number 20100308
Date of a work 01
Name of part/section of a work CT
Miscellaneous information 11298
942 ## - ADDED ENTRY ELEMENTS (KOHA)
Source of classification or shelving scheme Dewey Decimal Classification
Koha item type Libros
945 ## - INFORMACIÓN DE PROCESAMIENTO LOCAL
Información de procesamiento local Inventariado, 2017/MFF
956 ## - LOCAL ELECTRONIC LOCATION AND ACCESS (OCLC)
Nombre de host IGARCIA
Número de acceso 10
Información de compresión 20100709
Inicio de sesión BND01
Procesador de solicitud 0948
956 ## - LOCAL ELECTRONIC LOCATION AND ACCESS (OCLC)
Nombre de host VMATEO
Número de acceso 10
Información de compresión 20150925
Inicio de sesión BPMSU
Procesador de solicitud 00151
Existencias
Withdrawn status Lost status Source of classification or shelving scheme Damaged status Not for loan Collection code Home library Current library Date acquired Source of acquisition Total Checkouts Full call number Barcode Date last seen Price effective from Koha item type Copy number
    Dewey Decimal Classification     Colección General Biblioteca Pública Metropolitana Salomé Ureña Biblioteca Pública Metropolitana Salomé Ureña 09/25/2015 Compra   796.077 V145g BPMSU15090162 09/25/2015 09/25/2015 Libros  
    Dewey Decimal Classification     Colección General Biblioteca Pública Metropolitana Salomé Ureña Biblioteca Pública Metropolitana Salomé Ureña 09/25/2015 Compra   796.077 V145g BPMSU15090163 09/25/2015 09/25/2015 Libros e.2
    Dewey Decimal Classification     Colección General Biblioteca Pública Metropolitana Salomé Ureña Biblioteca Pública Metropolitana Salomé Ureña 09/25/2015 Compra   796.077 V145g BPMSU15090164 09/25/2015 09/25/2015 Libros ej. 3